La Posada del desfiladero!
Descripción Física:
2 f. ; 21 cm
MARC
| LEADER | 00000nam a2200000Ia 4500 | ||
|---|---|---|---|
| 001 | 22588 | ||
| 008 | 160829s9999 xx 000 0 cat d | ||
| 080 | |a FU-56-26 | ||
| 245 | |a La Posada del desfiladero! | ||
| 260 | |a Hamburgo : |b Falken-Press, [1940] | ||
| 300 | |a 2 f. ; |c 21 cm | ||
| 590 | |a A l'últim full: Nr. 1343 span. | ||
| 590 | |a Prové de 4325, exp .4 | ||
| 901 | |a Arxiu | ||
| 942 | |n 1 | ||
| 952 | |0 0 |1 0 |4 0 |6 FU5626 |7 1 |9 54102 |a Arxiu |b Arxiu |d 2016-12-01 |l 0 |o FU-56-26 |p 22588 |r 2016-12-01 00:00:00 |w 2016-12-01 |y ARXIU | ||
| 999 | |c 57970 |d 57970 | ||